Missing Middles: 'The' TV Shows Quiz Stats

Quiz Updated Sep 14, 2014

Challenge
Share
Tweet
Embed
Score 0/40 Timer 05:00
2 Plays Today
% Correct
A
95.6%
Brady
95%
Walking
94.9%
Incredible
93.6%
West
93%
Lone
92.8%
Beverly
92.6%
Golden
92%
Odd
91.5%
20th
90.5%
Weakest
90%
Green
89.6%
Vampire
89.4%
Love
87.8%
Wonder
87.3%
Fairly
87.1%
People's
86.6%
Amazing
86.3%
Outer
86.1%
Partridge
84.8%
% Correct
Banana
82.5%
Crocodile
81.2%
Flying
80.1%
Wild
79.9%
Colbert
79.7%
First
79.6%
Angry
77.8%
Rockford
77.6%
Mod
75.8%
L
75.7%
700
74.8%
Simple
74.5%
$64,000
74.3%
Real
72.8%
Naked
70.2%
Electric
70.1%
O'Reilly
68.3%
Cisco
63.5%
Paper
60%
Big
58.1%

You're not logged in!

Compare scores with friends on all Sporcle quizzes.
Sign Up with Email
OR
Log In

You Might Also Like...

Show Comments

Extras

Top Quizzes Today


Score Distribution

Your Account Isn't Verified!

In order to create a playlist on Sporcle, you need to verify the email address you used during registration. Go to your Sporcle Settings to finish the process.